[Event "Cologne Longerich op 09th"]
[Site "Cologne"]
[Date "2012.08.05"]
[Round "5"]
[White "Andrae, Philipp"]
[Black "Wigger, Reiner"]
[Result "1-0"]
[WhiteElo "1789"]
[BlackElo "1843"]
[PlyCount "105"]
[EventDate "2012.08.03"]
[EventType "tourn"]
[EventRounds "5"]
[EventCountry "GER"]
[SourceTitle "EXT 2017"]
[Source "ChessBase"]
[SourceDate "2016.10.25"]
[SourceVersion "1"]
[SourceVersionDate "2016.10.25"]
[SourceQuality "1"]

1. e4 d5 2. exd5 Nf6 3. d4 Nxd5 4. Nf3 Bg4 5. h3 Bxf3 6. Qxf3 c6 7. c3 g6 8. Bc4 e6 9. 0-0 Bg7 10. Nd2 Nf6 11. Re1 0-0 12. Nb3 Nbd7 13. Bg5 Qc7 14. Re3 Nd5 15. Re4 h6 16. Bd2 N7f6 17. Re2 b6 18. Rae1 a5 19. Bxd5 Nxd5 20. c4 Ne7 21. Bf4 Qd7 22. Be5 a4 23. Bxg7 Kxg7 24. Nd2 Qxd4 25. Ne4 Ng8 26. Rd2 Qxc4 27. Rd7 Rad8 28. Nd6 Qb4 29. Re4 Qxd6 30. Rxd6 Rxd6 31. Rxa4 Nf6 32. Qe3 c5 33. g4 Kg8 34. Qxh6 Rd1+ 35. Kg2 Rfd8 36. Qg5 Nh7 37. Qe5 R1d5 38. Qc7 b5 39. Ra7 R8d7 40. Qxd7 Rxd7 41. Rxd7 Nf6 42. Rc7 Nd5 43. Rxc5 b4 44. Kf3 Kg7 45. Ke4 Kf6 46. Rxd5 exd5+ 47. Kxd5 Kg5 48. a4 bxa3 49. bxa3 f5 50. gxf5 gxf5 51. a4 Kf4 52. a5 Kf3 53. Ke5 1-0

[Event "Muensterland Verbandsklasse-A 0910"]
[Site "Germany"]
[Date "2010.04.24"]
[Round "9.4"]
[White "Miethe, Christoph"]
[Black "Wigger, Reiner"]
[Result "1/2-1/2"]
[WhiteElo "1688"]
[BlackElo "1835"]
[PlyCount "21"]
[EventDate "2009.09.19"]
[EventType "team-tourn"]
[EventRounds "9"]
[EventCountry "GER"]
[SourceTitle "EXT 2011"]
[Source "ChessBase"]
[SourceDate "2010.11.26"]
[SourceVersion "1"]
[SourceVersionDate "2010.11.26"]
[SourceQuality "1"]
[WhiteTeam "Emsdetten Rochade II"]
[BlackTeam "Muenster Indische Dame"]
[WhiteTeamCountry "GER"]
[BlackTeamCountry "GER"]

1. e4 d5 2. exd5 Nf6 3. Nf3 Nxd5 4. d4 Bg4 5. Be2 Nc6 6. 0-0 e6 7. c3 Be7 8. Nbd2 Nf4 9. Ne4 Nxe2+ 10. Qxe2 Qd5 11. Bf4 1/2-1/2

[Event "Muensterland Verbandsklasse-B 0708"]
[Site "Germany"]
[Date "2008.05.17"]
[Round "9.6"]
[White "Janning, Rainer"]
[Black "Wigger, Reiner"]
[Result "1/2-1/2"]
[WhiteElo "1892"]
[BlackElo "1812"]
[PlyCount "46"]
[EventDate "2007.09.15"]
[EventType "team"]
[EventRounds "9"]
[EventCountry "GER"]
[SourceTitle "EXT 2009"]
[Source "ChessBase"]
[SourceDate "2008.11.26"]
[SourceVersion "1"]
[SourceVersionDate "2008.11.26"]
[SourceQuality "1"]
[WhiteTeam "Steinfurt"]
[BlackTeam "Muenster Indische Dame"]
[WhiteTeamCountry "GER"]
[BlackTeamCountry "GER"]

1. f4 e5 2. fxe5 d6 3. exd6 Bxd6 4. Nf3 Nf6 5. d4 Ng4 6. Qd3 Qe7 7. g3 0-0 8. Nc3 Re8 9. Nb5 Bb4+ 10. c3 Ba5 11. b4 Bb6 12. Na3 c6 13. Bf4 Na6 14. Nc4 Bc7 15. Nce5 Nxe5 16. Bxe5 f6 17. Bxc7 Nxc7 18. Nd2 Qe3 19. Qxe3 Rxe3 20. Rc1 Nd5 21. Nb1 Bf5 22. Kd2 Rae8 23. Na3 b5 1/2-1/2

[Event "Muensterland Verbandsklasse-B 0708"]
[Site "Germany"]
[Date "2007.09.15"]
[Round "1.3"]
[White "Woestmann, Ulrich"]
[Black "Wigger, Reiner"]
[Result "1-0"]
[WhiteElo "2005"]
[BlackElo "1812"]
[PlyCount "111"]
[EventDate "2007.09.15"]
[EventType "team"]
[EventRounds "9"]
[EventCountry "GER"]
[SourceTitle "EXT 2009"]
[Source "ChessBase"]
[SourceDate "2008.11.26"]
[SourceVersion "1"]
[SourceVersionDate "2008.11.26"]
[SourceQuality "1"]
[WhiteTeam "Sendenhorst"]
[BlackTeam "Muenster Indische Dame"]
[WhiteTeamCountry "GER"]
[BlackTeamCountry "GER"]

1. e4 d5 2. exd5 Nf6 3. d4 Nxd5 4. c4 Nb6 5. Nf3 Bg4 6. Be2 Nc6 7. c5 Nd7 8. Be3 e6 9. Nc3 Be7 10. 0-0 0-0 11. a3 a5 12. h3 Bh5 13. Qb3 Qc8 14. Rac1 Bg6 15. Rfd1 e5 16. d5 Nd4 17. Nxd4 exd4 18. Bxd4 Nxc5 19. Qc4 b6 20. b4 axb4 21. axb4 Na6 22. Na2 Qd8 23. Bf3 Bd6 24. Rc3 Nb8 25. Re3 Ra4 26. Rde1 h6 27. Bd1 Ra8 28. Bg4 Bf4 29. R3e2 Bd6 30. Qc3 f6 31. Qc4 Kh7 32. Nc3 Na6 33. Na2 Nb8 34. Be6 Nd7 35. Nc3 Ne5 36. Bxe5 Bxe5 37. f4 Bd6 38. Nb5 Be8 39. Nd4 Qb8 40. Bf5+ Kh8 41. Ne6 Rg8 42. Bd3 b5 43. Qe4 Qb6+ 44. Kh1 g6 45. g4 c6 46. Nc5 Bxc5 47. bxc5 Qxc5 48. Qg2 cxd5 49. Re6 Qd4 50. Qg3 Ra1 51. Bb1 Bf7 52. Re7 Kg7 53. f5 g5 54. Rxf7+ Kxf7 55. Qc7+ Kf8 56. Qe7# 1-0

[Event "Muensterland Verbandsklasse-A 0506"]
[Site "Germany"]
[Date "2006.02.11"]
[Round "6.6"]
[White "Wigger, Reiner"]
[Black "Katz, Rafael Marcos"]
[Result "1/2-1/2"]
[WhiteElo "1943"]
[BlackElo "1911"]
[PlyCount "35"]
[EventDate "2005.09.03"]
[EventType "team"]
[EventRounds "9"]
[EventCountry "GER"]
[SourceTitle "EXT 2006"]
[Source "ChessBase"]
[SourceDate "2005.11.24"]
[SourceVersion "1"]
[SourceVersionDate "2005.11.24"]
[SourceQuality "1"]
[WhiteTeam "Muenster Indische Dame"]
[BlackTeam "Bocholt"]
[WhiteTeamCountry "GER"]
[BlackTeamCountry "GER"]

1. e4 c6 2. c4 d5 3. exd5 cxd5 4. cxd5 Nf6 5. Nc3 g6 6. Bc4 Bg7 7. Nf3 Nbd7 8. 0-0 0-0 9. Re1 Nb6 10. Bb3 Bf5 11. d4 h6 12. Bf4 Re8 13. Qd2 g5 14. Be5 Rc8 15. h3 Bg6 16. Rac1 Qd7 17. a3 a6 18. Kh1 1/2-1/2

[Event "Muensterland Verbandsklasse-A 0405"]
[Site "Muensterland"]
[Date "2004.10.02"]
[Round "2.6"]
[White "Wigger, Reiner"]
[Black "Langendijk, Andre"]
[Result "0-1"]
[WhiteElo "1835"]
[BlackElo "1893"]
[PlyCount "104"]
[EventDate "2004.09.11"]
[EventType "team"]
[EventRounds "9"]
[EventCountry "GER"]
[SourceTitle "EXT 2006"]
[Source "ChessBase"]
[SourceDate "2005.11.24"]
[SourceVersion "1"]
[SourceVersionDate "2005.11.24"]
[SourceQuality "1"]
[WhiteTeam "Muenster Indische Dame"]
[BlackTeam "Gronau"]
[WhiteTeamCountry "GER"]
[BlackTeamCountry "GER"]

1. e4 c5 2. Nf3 e6 3. d3 Nc6 4. g3 Nf6 5. Bg2 Be7 6. 0-0 0-0 7. Re1 b5 8. c3 Rb8 9. Bf4 Rb6 10. d4 d5 11. e5 Nd7 12. h4 a5 13. Nbd2 Ba6 14. a3 b4 15. axb4 cxb4 16. Qc2 Qc7 17. Bg5 Rc8 18. Rec1 Nf8 19. Bxe7 Qxe7 20. Nb3 bxc3 21. bxc3 Nb4 22. Qd2 Nc6 23. Nc5 Rcb8 24. Nxa6 Rxa6 25. Rab1 Rab6 26. Qa2 Rxb1 27. Rxb1 Rxb1+ 28. Qxb1 Qa3 29. Qc2 a4 30. Nd2 Qa1+ 31. Bf1 Nd7 32. Kg2 Nb6 33. Bb5 Na7 34. Bd3 g6 35. Kf3 Kg7 36. Ke2 Nc6 37. Ke3 Na5 38. Ke2 Nbc4 39. Nxc4 Nxc4 40. Kf3 a3 41. Bxc4 dxc4 42. Qd2 a2 43. Qf4 Qxc3+ 44. Kg2 Qa5 45. Qf6+ Kg8 46. h5 Qd5+ 47. f3 Qxd4 48. Qe7 Qd2+ 49. Kh3 a1Q 50. Kg4 Qxe5 51. Qe8+ Kg7 52. h6+ Qxh6 0-1

[Event "Muensterland Verbandsklasse-A 0304"]
[Site "Germany"]
[Date "2004.03.27"]
[Round "8.7"]
[White "Wigger, Reiner"]
[Black "Beyer, Jens"]
[Result "1-0"]
[WhiteElo "1843"]
[BlackElo "1781"]
[PlyCount "49"]
[EventDate "2003.09.20"]
[EventType "team"]
[EventRounds "9"]
[EventCountry "GER"]
[SourceTitle "EXT 2005"]
[Source "ChessBase"]
[SourceDate "2004.11.15"]
[SourceVersion "1"]
[SourceVersionDate "2004.11.15"]
[SourceQuality "1"]
[WhiteTeam "Muenster Indische Dame"]
[BlackTeam "Heiden II"]
[WhiteTeamCountry "GER"]
[BlackTeamCountry "GER"]

1. e4 c6 2. c4 d5 3. exd5 cxd5 4. cxd5 Qxd5 5. Nc3 Qe5+ 6. Be2 Bg4 7. d4 Bxe2 8. Ngxe2 Qa5 9. 0-0 e6 10. Bf4 Nf6 11. a3 Nbd7 12. b4 Qa6 13. Re1 Nb6 14. Qb3 Nbd5 15. Nxd5 Nxd5 16. Be5 f6 17. Bg3 Bd6 18. Nc3 Nc7 19. Bxd6 Qxd6 20. Nb5 Qd7 21. Nxc7+ Qxc7 22. Rxe6+ Kd7 23. Rae1 Kc8 24. Qe3 Kb8 25. Rc1 1-0